Statistiques concernant Gouvernement Borne I

Cliquez ici pour prendre le quiz!

Statistiques générales

  • Ce quiz a été pris 22 fois
  • Le résultat moyen est 17 sur 28

Statistiques - réponses

HintRéponse% Correct
Première MinistreElisabeth Borne
100%
Ministre de la Transition écologique et de la Cohésion des territoiresAmélie de Montchalin
82%
Ministre de l'Economie, des Finances et de la Souveraineté industrielle et numériqueBruno Lemaire
82%
Garde des Sceaux, Ministre de la JusticeÉric Dupont-Morett
82%
Ministre de l'IntérieurGérald Darmanin
82%
Ministre de l'Education nationale et de la JeunessePap Ndiaye
82%
Ministre de la Transition énergétiqueAgnès Panier-Runacher
73%
Ministre délégué auprès de la Ministre de l'Europe et des Affaires étrangères chargé de l'EuropeClément Beaune
73%
Ministre des Solidarités, de l'Autonomie et des personnes handicapéesDamien Abad
73%
Ministre délégué auprès du Ministre de l'Economie, des Finances et de la Souveraineté industrielle et numérique chargé des Comptes PublicsGabriel Attal
73%
Ministre du Travail, du Plein Emploi et de l'InsertionOlivier Dussopt
73%
Ministre délégué auprès de la première ministre chargé des Relations avec le parlement et de la Vie DémocratiqueOlivier Véran
73%
Ministre des ArméesSébastien Lecornu
73%
Ministre de la Santé et de la PréventionBrigitte Bourguignon
64%
Ministre de l'Europe et des Affaires étrangèresCatherine Colonna
64%
Misntre de l'Agriculture et de la Souveraineté alimentaireMarc Fesneau
64%
Secrétaire d'Etat auprès de la première ministre Porte Parole du gouvernementOlivia Grégoire
64%
Ministre de l'Enseignement supérieur et de la RechercheSylvie Retailleau
64%
Ministre délégué auprès du Ministre de l'intérieur et de la Ministre de la Transition écologique et de la Cohésion des territoires chargé des Collectivités territorialesChristophe Béchu
55%
Ministre délégué auprès de la Ministre de l'Europe et des Affaires étrangères chargé du Commerce extérieur et de l'AttractivitéFranck Riester
55%
Ministre délégué auprès de la première ministre chargée de l'Egalité entre les femmes et les hommes, de la Diversité et de l'Egalité des ChancesIsabelle Rome
55%
Ministre de la Transformation et de la Fonction PubliqueStanislas Guerini
55%
Ministre de la CultureRima Abdul-Malak
45%
Ministre des Sports, des Jeux Olympiques et ParalympiquesAmélie Oudéa-Castéra
36%
Secrétaire d'Etat auprès de la première ministre chargée de l'EnfanceCharlotte Caubel
27%
Secrétaire d'Etat auprès de la Ministre de l'Europe et des Affaires étrangères chargée du Développement, de la Francophonie et des Partenariats internationauxChrysoula Zacharopoulou
27%
Secrétaire d'Etat auprès de la première ministre chargée de la MerJustine Bénin
27%
Ministre des Outre-MerYaël Braun-Pivet
27%

Distribution des résultats

Percentile par nombre de réponses

% des personnes avec chaque résultat

Votre développement - résultats

Vous n’avez pas pris ce quiz